The Story of Art (Record no. 239042)

MARC details
000 -LEADER
fixed length control field 00292pam a2200133 a 4500
020 ## - INTERNATIONAL STANDARD BOOK NUMBER
Terms of availability
041 ## - LANGUAGE CODE
Language code of original
082 ## - DEWEY DECIMAL CLASSIFICATION NUMBER
Classification number 700.1
Item number GOM
100 ## - MAIN ENTRY--PERSONAL NAME
Personal name E. H. Gombrich .
245 ## - TITLE STATEMENT
Title The Story of Art
Medium Textual Documents
260 ## - PUBLICATION, DISTRIBUTION, ETC.
Place of publication, distribution, etc. America
Name of publisher, distributor, etc. Phaidon Book
300 ## - PHYSICAL DESCRIPTION
Extent 1046:
Other physical details paper.
930 ## - EQUIVALENCE OR CROSS-REFERENCE-UNIFORM TITLE HEADING [LOCAL, CANADA]
Uniform title 5252
Holdings
Withdrawn status Lost status Damaged status Not for loan Collection Home library Current library Date acquired Source of acquisition Cost, normal purchase price Total Checkouts Full call number Barcode Date last seen Copy number Price effective from Koha item type
          College of Fine Arts, Pune College of Fine Arts, Pune 24/09/2009 Bhararti Sahakari Grahak Bhandar 1650.00   700.1 GOM FAP-5521 07/03/2023 1 07/03/2023 Book